| 000 | 02813cam a2200361 a 4500 | ||
|---|---|---|---|
| 001 | 15264104 | ||
| 003 | OSt | ||
| 005 | 20230605142341.0 | ||
| 008 | 080416s2008 enka b 001 0 eng | ||
| 015 |
_aGBA868444 _2bnb |
||
| 016 | 7 |
_a014621237 _2Uk |
|
| 020 | _a9780754649038 (hbk. : alk. paper) | ||
| 020 | _a0754649032 (hbk. : alk. paper) | ||
| 020 | _a9781841137728 (pbk) | ||
| 035 | _a(OCoLC)ocn226038015 | ||
| 035 | _a(OCoLC)226038015 | ||
| 040 |
_aDLC _cDLC _dBTCTA _dYDXCP _dBWKUK _dBWK _dUKM _dDLC |
||
| 082 | 0 | 0 |
_a328.373 _bMCL |
| 245 | 0 | 0 |
_aDrafting legislation : _ba modern approach / _cedited by Constantin Stefanou and Helen Xanthaki. |
| 260 |
_aAldershot, England ; _aBurlington, VT : _bAshgate Pub., _cc2008. |
||
| 300 |
_aX,209p _bill. ; _c24 cm. |
||
| 504 | _aIncludes bibliographical references and index. | ||
| 505 | 0 | _aOn transferability of legislative solutions : the functionality test / Helen Xanthaki -- Drawing the line / Stephen Laws -- Legislative intention / Ian McLeod -- Legislator's intent : how judges discern it and what they do if they find it / Keith Mason -- The techniques of gender-neutral drafting / Daniel Greenberg -- Drafting legislation at the tax law rewrite project / Hayley Rogers -- Retrospectivity in the drafting and interpretation of legislation / Lydia Clapinska -- Repealing or amending legislation by non-legislative means / Alec Samuels -- Pre-legislative scrutiny / Zione Ntaba -- The role of the legislative drafter in promoting social transformation / Richard C. Nzerem -- Improving democratic development by better regulation / Ulrich Karpen -- Drafting principles of existing European contract law / Gerhard Dannemann -- Drafting of EU acts : a view from the European commission / William Robinson -- Drafting to implement EU law : the European arrest warrant in the United Kingdom / Valsamis Mitsilegas. | |
| 505 | 0 | _aProcedures for the approximation of Albanian legislation with the acquis communautaire / Alfred E. Kellermann -- Compromise and clarity in international drafting / Eileen Denza -- Can legislation rank as literature? / Helen Caldwell -- Open management of legislative documents / Giovanni Sartor -- Between policy and implementation : legislative drafting for development / Ann Seidman, Robert B. Seidman -- Drafting, drafters, and the policy process / Constantin Stefanou. | |
| 650 | 0 | _aBill drafting. | |
| 650 | 0 | _aLegislation. | |
| 700 | 1 |
_aStefanou, Constantin, _d1961- |
|
| 700 | 1 | _aXanthaki, Helen. | |
| 856 | 4 | 1 |
_3Table of contents only _uhttp://www.loc.gov/catdir/toc/ecip0816/2008017341.html |
| 906 |
_a7 _bcbc _corignew _d1 _eecip _f20 _gy-gencatlg |
||
| 942 |
_2ddc _cBK |
||
| 999 |
_c441 _d441 |
||